A toda tribu Apolo Kivebulaya (Registro nro. 60966)
[ vista simple ]
| 000 -LÍDER | |
|---|---|
| Campo fijo de descripción fija | 01148aab a2200205 i 4500 |
| 001 - NÚMERO DE CONTROL | |
| Campo de control | 768714001 |
| 003 - IDENTIFICADOR DEL NÚMERO DE CONTROL | |
| Campo de control | CO-MdFUSB |
| 005 - FECHA Y HORA DE LA ULTIMA TRANSACCIÓN | |
| control field | 20240424133912.0 |
| 008 - ELEMENTOS DE LONGITUD FIJA -- INFORMACIÓN GENERAL | |
| Campo fijo de descripción fija -- Información general | 220805t2005 ck |||| |||| 00| 0 spa d |
| 022 ## - NÚMERO INTERNACIONAL NORMALIZADO PARA PUBLICACIONES SERIADAS | |
| Número Internacional Normalizado para Publicaciones Seriadas | 14091968 |
| 040 ## - FUENTE DE CATALOGACIÓN | |
| Idioma de catalogación | spa |
| Agencia que realiza la transcripción | CO-MdFUSB |
| 041 ## - CÓDIGO DE IDIOMA | |
| Código de idioma para texto/pista de sonido o título separado | spa |
| 110 ## - ASIENTO PRINCIPAL--NOMBRE CORPORATIVO | |
| Nombre corporativo o de jurisdicción como elemento de entrada | Apuntes Pastorales, |
| 245 10 - TÍTULO | |
| Título | A toda tribu Apolo Kivebulaya |
| Mención de responsabilidad | / Apuntes Pastorales |
| 300 ## - DESCRIPCIÓN FÍSICA | |
| Extensión | Volumen 22, número 3 (abril - junio, 2005), páginas: 52 - 53 |
| Dimensiones | ; 27 cm |
| 520 ## - NOTA DE RESUMEN, ETC. | |
| Nota de sumario, etc. | No existen barreras ni obstáculos para aquellos que desean extender el reino de Dios, incluso a las regiones más remotas de la tierra.<br/>El servir a Cristo implica un llamado ser partícipe de sus sufrimientos, los cuales pueden incluir hasta la cárcel y la muerte.<br/>No es posible predicar el evangelio sin despertar oposición entre los que son de las tinieblas.<br/>El carácter y la vida personal de un líder constituyen sus herramientas más eficaces para impactar la vida de los demás. |
| 650 #0 - ASIENTO SECUNDARIO DE MATERIA - TERMINO TEMÁTICO | |
| 9 (RLIN) | 1238 |
| Término temático o nombre geográfico como elemento de entrada | Biografías cristianas |
| 773 0# - ASIENTO DE ITEM FUENTE | |
| Título | Apuntes Pastorales |
| Biblionumber | 49442 |
| Itemnumber | 60138 |
| Parte(s) relacionada(s) / Volumen., número. (mes año), páginas | Volumen 22, número 3 (abril - junio, 2005), páginas: 52 - 53 |
| Enumeración y primera página | página: 52 |
| 942 ## - TIPO DE MATERIAL (KOHA) | |
| Tipo de Item KOHA | Artículos de Revista |
No hay ítems disponibles.
